Statistics for Countries With A 5M+ Capital

Click here to take the quiz!

General Stats

  • This quiz has been taken 51 times
  • The average score is 18 of 21

Answer Stats

PopulationCountry% Correct
14,200,004India
100%
21,542,000China
98%
8,908,081United Kingdom
98%
9,500,000Egypt
96%
10,075,310Indonesia
96%
12,506,468Russia
96%
13,929,286Japan
94%
8,918,653Mexico
94%
8,305,218Thailand
92%
7,181,469Colombia
90%
8,693,706Iran
90%
9,838,892South Korea
88%
7,781,631Vietnam
84%
8,906,039Bangladesh
80%
6,719,500Iraq
78%
8,852,000Peru
78%
5,445,026Turkey
74%
6,310,000Chile
72%
12,691,000D. R. Congo
72%
7,676,654Saudi Arabia
66%
5,638,700Singapore
54%

Score Distribution

Percentile by Number Answered

Percent of People with Each Score

Your Score History

You have not taken this quiz